Maps are territories : science is an atlas : a portfolio of exhibits

Saved in:
Bibliographic Details
Main Author: Turnbull, David 1943-
Corporate Author: Deakin University Open Campus Program School of Humanities
Format: Book
Language:English
Published: Chicago : University of Chicago Press, c1993
Subjects:
Tags: Add Tag
No Tags, Be the first to tag this record!

MARC

LEADER 00000nam a2200000 i 4500
001 1/17591
008 981006s1993 eng d
020 |a 0-226-81705-9 
035 |l 10020615 
040 |a GR-MY-UA  |b gre  |e aacr 
041 0 |a eng 
082 0 |a 912 
100 1 |a Turnbull, David  |d 1943- 
245 1 0 |a Maps are territories :  |b science is an atlas : a portfolio of exhibits /  |c David Turnbull ; with a contribution by Helen Watson with the Yolngu community at Yirrkala 
260 |a Chicago :   |b University of Chicago Press,   |c c1993 
300 |a 66 p.  |b ill.; maps 
500 |a Part of the HUS203/204 Nature and human nature course offered by the School of Humanities in Deakin University's Open Campus Program 
504 |a Includes bibliographical references  
650 0 0 |a Cartography  |x Philosophy. 
651 0 |a Australia  |x Maps. 
710 2 |a Deakin University Open Campus Program  |b School of Humanities. 
852 |a INST  |b LESVOS  |e 19981006  |h 912 TUR  |p 005100012912  |q 005100012912  |t BK  |y 0 
901 |a BIBL-1998-3 
909 |a Λ  |b 059235 
922 |a 1ΕΛΗ  |b 199809  |c ΚΠΣ/ΤΚΑ  |d ΠΑΠΑΣΩΤΗΡΙΟΥ 
950 |a 117-1998-07-11